书目信息 |
| 题名: |
江南園林志
|
|
| 作者: | 童寯 著 | |
| 分册: | ||
| 出版信息: | 北京 中國建築工業出版社 2014.11 |
|
| 页数: | 283页 | |
| 开本: | 26cm | |
| 丛书名: | ||
| 单 册: | ||
| 中图分类: | TU-098.42 , TU986.625 | |
| 科图分类: | ||
| 主题词: | 园林建筑--yuan lin jian zhu--建筑史--中国 , 园林--规划 , 公园--绿化规划 | |
| 电子资源: | ||
| ISBN: | 978-7-112-09731-9 | |
| 000 | 00835nam0 2200289 450 | |
| 001 | CAL 0120151486413 | |
| 005 | 20220915153750.47 | |
| 010 | @a978-7-112-09731-9@dCNY72.00 | |
| 100 | @a20150624d2013 em y0chiy50 ea | |
| 101 | 0 | @achi |
| 102 | @aCN@b110000 | |
| 105 | @aaf z 000yy | |
| 200 | 1 | @a江南園林志@Ajiang nan yuan lin zhi@f童寯著 |
| 205 | @a第2版 | |
| 210 | @a北京@c中國建築工業出版社@d2014.11 | |
| 215 | @a283页@c图@d26cm | |
| 300 | @a典藏版 | |
| 330 | @a本书主要内容包括: 造园、假山、沿革、现况、杂识等。 | |
| 518 | 1 | @a江南园林志 |
| 606 | 0 | @a园林建筑@Ayuan lin jian zhu@x建筑史@y中国 |
| 606 | 0 | @a园林@x规划 |
| 606 | 0 | @a公园@x绿化规划 |
| 690 | @aTU-098.42@v5 | |
| 690 | @aTU986.625@v4 | |
| 701 | 0 | @a童寯@Atong jun@4著 |
| 801 | 0 | @aCN@b河南城建学院图书馆@c20150624 |
| 905 | @dTU986.625@eT848=2@f3 | |
| 江南園林志/童寯著.-第2版.-北京:中國建築工業出版社,2014.11 |
| 283页:图;26cm |
| 典藏版 |
| ISBN 978-7-112-09731-9:CNY72.00 |
| 本书主要内容包括: 造园、假山、沿革、现况、杂识等。 |
| ● |
| 相关链接 |
|
|
|
正题名:江南園林志
索取号:TU986.625/T848=2
 
预约/预借
| 序号 | 登录号 | 条形码 | 馆藏地/架位号 | 状态 | 备注 |
| 1 | 1139956 | 211399565 | 建筑库201/201建筑库 120排1列3层/ [索取号:TU986.625/T848=2] | 在馆 | |
| 2 | 1139957 | 211399574 | 建筑与城市规划学院资料室/201建筑库 123排1列1层/ [索取号:TU986.625/T848=2] | 在馆 | |
| 3 | 1139958 | 211399583 | 建筑库201/201建筑库 123排1列1层/ [索取号:TU986.625/T848=2] | 在馆 | |
| 4 | 1503895 | 215038956 | 建筑与城市规划学院资料室/ [索取号:TU986.625/T848=2] | 在馆 | |
| 5 | 1503896 | 215038965 | 建筑与城市规划学院资料室/ [索取号:TU986.625/T848=2] | 在馆 | |
| 6 | 1503897 | 215038974 | 建筑与城市规划学院资料室/ [索取号:TU986.625/T848=2] | 在馆 |